000 00688nam a2200289Ia 4500
005 20260324124001.0
008 008 260324s9999 xx 000 0 eng d
020 _a9780203816059
037 _aEBOOK
040 _aCRL
040 _beng
040 _cCRL
041 _2eng
041 _aeng
084 _qCRL
100 _aRupert Read; Matthew A. Lavery
_91172398
245 0 _aBeyond The Tractatus Wars
245 4 _bThe New Wittgenstein Debate
260 _bTaylor and Francis
260 _c2011
365 _a
365 _b230
856 _uhttp://www.taylorfrancis.com/books/9780203816059
942 _cEBOOK
999 _c1766395
_d1766395